| 000 | 00358nam a2200133Ia 4500 | ||
|---|---|---|---|
| 100 | _aMcgillem/ C.D./ Cooper/ G.R. | ||
| 942 | _cBK | ||
| 654 | _aDiscrete signal and system analysis | ||
| 245 | _aContinues and Discrete signal and system analysis | ||
| 260 |
_bSaunders college pub _aPhiladelphia _c1991 |
||
| 082 | _a3.83 | ||
| 546 | _aENGLISH | ||
| 999 |
_c34587 _d34587 |
||